| 000 | 01033nam a2200301 a 4500 | ||
|---|---|---|---|
| 001 | BRL_1709 | ||
| 005 | 20190320211331.0 | ||
| 008 | 270514s1960----enka######---#000-0#eng-# | ||
| 041 | _aeng | ||
| 044 | _aenk | ||
| 050 | 4 |
_aNA390 _b.B87 1960 |
|
| 100 | 1 |
_aBusch, Harald _d1904- _eed. _927692 |
|
| 245 | 1 | 0 |
_aRomanesque Europe _cwhit an introduction by R. H. C. Davis ; edited by Harald Busch and Bernd Lohse ; with commentaries on the illustration by Helmut Domke ; Translated dy Peter Gorge. |
| 260 |
_aLondon _bB.T. Batsford _c1960 |
||
| 300 |
_axxiii p. _bil., 224 láminas, planos _c27 cm. |
||
| 440 | 0 |
_aBuildings of Europe _927693 |
|
| 500 | _aAu2134 | ||
| 500 | _aIncluye índice de láminas | ||
| 500 | _aEstado físico: camisa desgarrada | ||
| 650 | 1 | 4 |
_aArquitectura _zEuropa _927694 |
| 650 | 1 | 4 |
_aArquitectura románica _911876 |
| 700 | 1 |
_aDavis, R.H.C. _927695 |
|
| 700 | 1 |
_aLohse, Bernd _eed. _927696 |
|
| 700 | 1 |
_aDomke, Helmut _927697 |
|
| 700 | 1 |
_aGorge, Peter _etr. _927698 |
|
| 902 | _aGRL | ||
| 942 |
_2lcc _cB |
||
| 999 |
_c10517 _d10517 |
||